Inženýrská geodézie : návody ke cvičením /

Main Author: Bajer, Milan, 1953-
Corporate Author: České vysoké učení technické v Praze. Stavební fakulta
Other Authors: Procházka, Jaromír, 1943-
Language: Czech
Published: Praha : Nakladatelství ČVUT, 2008
Edition: Vyd. 2.
Subjects:
Physical Description: 192 s. : il. ; 30 cm
Book
Saved in:
LEADER 01874nam a2200481 a 4500
001 nkc20071779550
003 CZ PrNK
005 20080423154036.0
007 ta
008 071119s2008 xr a e p 000 0 cze
015 |a cnb001779550 
020 |a 978-80-01-03923-6  |q (brož.) 
035 |a (OCoLC)228669025 
040 |a BOA001  |b cze  |d ABA001 
072 7 |a 528  |x Geodezie. Kartografie  |2 Konspekt  |9 7 
072 7 |a 37.016  |x Učební osnovy. Vyučovací předměty. Učebnice  |2 Konspekt  |9 22 
080 |a 528.4  |2 MRF 
080 |a (075.8)  |2 MRF 
080 |a (076.5)  |2 MRF 
100 1 |a Bajer, Milan,  |d 1953-  |7 ntka171956  |4 aut 
245 1 0 |a Inženýrská geodézie :  |b návody ke cvičením /  |c Milan Bajer, Jaromír Procházka 
250 |a Vyd. 2. 
260 |a Praha :  |b Nakladatelství ČVUT,  |c 2008 
300 |a 192 s. :  |b il. ;  |c 30 cm 
500 |a Na obálce pod názvem: ČVUT v Praze, Fakulta stavební 
500 |a 300 výt. 
504 |a Obsahuje bibliografie 
550 |a Vydavatel: České vysoké učení technické v Praze 
650 0 7 |a inženýrská geodézie  |7 ph121177  |2 czenas 
650 0 9 |a engineering geodesy  |2 eczenas 
655 7 |a učebnice vysokých škol  |7 fd133772  |2 czenas 
655 7 |a praktická cvičení  |7 fd133118  |2 czenas 
655 9 |a textbooks (higher)  |2 eczenas 
655 9 |a problems, exercises, etc  |2 eczenas 
700 1 |a Procházka, Jaromír,  |d 1943-  |7 ntka173788  |4 aut 
710 2 |a České vysoké učení technické v Praze.  |b Stavební fakulta  |7 kn20010710181 
910 2 |a BOA001  |b 3-1194.908 
928 9 |a Česká technika - nakladatelství ČVUT 
990 |a BK 
995 |a 01 
991 |b 200711  |c NOV 
996 6 |b 2610326375  |c 3-1194.908  |l MZK  |r Sklad / do 1 hodiny  |n 0  |p kup  |w 000876391  |u 000010  |a 1  |e BOA001  |j MZK50  |s P 
996 7 |b 2610339918  |c 3-1194.908  |l MZK  |r Sklad / do 1 hodiny  |n 2  |p p.v.  |w 000876391  |u 000020  |a 1  |e BOA001  |j MZK50  |s A